| 000 | 010930000a22002890004500 | ||
|---|---|---|---|
| 001 | 20611 | ||
| 003 | CO-MdFUSB | ||
| 005 | 20180622170017.0 | ||
| 008 | 160826t2011 xxu||||f |||| 00| 0 eng d | ||
| 020 | _a978-0-8006-9789-1 | ||
| 040 |
_aCO-MdFUSB _bEspañol _cCO-MdFUSB _dCO-MdFUSB |
||
| 041 | _aeng | ||
| 082 |
_224 _a261.7 _bT238t |
||
| 100 | 1 |
_aTaylor, Mark Lewis _dautor |
|
| 245 | 1 | 4 |
_aThe theological and the political _b : On the weight of the world _c / Mark Lewis Taylor |
| 264 |
_aMinneapolis, Minnesota : _bFortress Press, _c2011 |
||
| 300 | _axvii, 236 páginas | ||
| 336 |
_2rdacontent _a1 _ba1 |
||
| 337 |
_2rdamedia _a2 _b2 |
||
| 338 |
_2rdacarrier _a2 _b5 |
||
| 501 | _aPasta dura | ||
| 505 | 0 | 0 | _aLo teológico en un mundo post-teológico - Pensando en lo teológico - El agnóstico político - Trans-inmanencia - El peso de la trans-inmanencia - Trans-inmanencia y prácticas radicales - Lo teológico y lo político. |
| 653 | _aPolitical theology -- Christianity | ||
| 653 | _aLa teología política -- Cristianismo | ||
| 942 | _cBK | ||
| 999 |
_c46962 _d46962 |
||